ELF communication (Record no. 182619)
[ view plain ]
| 000 -LEADER | |
|---|---|
| fixed length control field | 00441 a2200169 4500 |
| 003 - CONTROL NUMBER IDENTIFIER | |
| control field | Nust |
| 005 - DATE AND TIME OF LATEST TRANSACTION | |
| control field | 20170207153246.0 |
| 040 ## - CATALOGING SOURCE | |
| Transcribing agency | Nust |
| 082 ## - DEWEY DECIMAL CLASSIFICATION NUMBER | |
| Classification number | 621.382 |
| 100 ## - MAIN ENTRY--PERSONAL NAME | |
| Personal name | Saeed, Maj Arif (TE-21) |
| 245 ## - TITLE STATEMENT | |
| Title | ELF communication |
| Statement of responsibility, etc. | Maj Arif Saeed, Capt Tariq Naeem, Sami Qureshi, Capt Syed Ali Raza and Maj Superebadio (Indonesia). |
| 260 ## - PUBLICATION, DISTRIBUTION, ETC. | |
| Name of publisher, distributor, etc. | MCS |
| 300 ## - PHYSICAL DESCRIPTION | |
| Extent | 19 p. |
| 538 ## - SYSTEM DETAILS NOTE | |
| System details note | T3 Shelf No 1 |
| 650 ## - SUBJECT ADDED ENTRY--TOPICAL TERM | |
| Topical term or geographic name entry element | UG Projects |
| 651 ## - SUBJECT ADDED ENTRY--GEOGRAPHIC NAME | |
| Geographic name | TE-21 |
| 942 ## - ADDED ENTRY ELEMENTS (KOHA) | |
| Koha item type | |
| Withdrawn status | Lost status | Source of classification or shelving scheme | Damaged status | Not for loan | Collection code | Permanent Location | Current Location | Date acquired | Total Checkouts | Full call number | Barcode | Date last seen | Price effective from | Koha item type |
|---|---|---|---|---|---|---|---|---|---|---|---|---|---|---|
| Military College of Signals (MCS) | Military College of Signals (MCS) | 12/12/2016 | 621.382 SAE | MCSPTE-41 | 12/08/2016 | 12/12/2016 | Book |
